• 首页
  • 本馆介绍
  • 公告通知
  • 最新文献
  • 馆藏检索
  • 电子资源
  • 读者导购
  • 参考咨询
  • 我的图书馆
  • 登录
  • 详细信息显示
  • 放入我的书架
  • 预约/预借图书
  • 作者相关作品
  • 分类相关作品
  • 丛书相关作品
  • 出版社相关作品

书目信息

  • 表格格式
  • 工作单格式
  • 卡片格式
题名:
天才的智慧
    
 
作者: 多湖辉 编 ;张新中 , 许明镐 译
分册:  
出版信息: 北京   科学普及出版社  1982
页数: 158页
开本: 19cm
丛书名: 智育小丛书
单 册:
中图分类: G898.2
科图分类:
主题词: 智力游戏
电子资源:
ISBN:
000 00758nam0 2200277 45
001 0182002164
005 20060803090845.54
010    @dCNY0.45
091    @aCN@b13051.1303
100    @a19950323d1982 em y0chiy0121 ea
101 1  @achi@cjpn
102    @aCN@b110000
105    @ay z 000yy
200 10 @a天才的智慧@Atian cai de zhi hui@f(日)多湖辉编@g许明镐,张新中译
210    @a北京@c科学普及出版社@d1982
215    @a158页@d19cm
225 2  @a智育小丛书
410  0 @12001 @a智育小丛书
606    @a智力游戏
690    @aG898.2@v3
701  0 @a多湖辉@Aduo hu hui@4编
702  0 @a张新中@Azhang xin zhong@4译
702  0 @a许明镐@Axu ming hao@4译
801  2 @aCN@bNLC@c20060803
801  0 @aCN@bTSSF@c20060722
905    @a10447@dG898.2@e207
    
    天才的智慧/(日)多湖辉编/许明镐,张新中译.-北京:科学普及出版社,1982
    158页;19cm.-(智育小丛书)
    
    
    ISBN :CNY0.45
    
●
相关链接 在E读中查询图书 在五车中查询图书 在当当中查询图书 在豆瓣中查询图书


正题名:天才的智慧     索取号:G898.2/207         预约/预借

序号 登录号 条形码 馆藏地/架位号 状态 备注
1 0424236   204242364   密集书库/ [索取号:G898.2/207] 在馆    
2 0424237   204242373   密集书库/ [索取号:G898.2/207] 在馆    
3 0424238   204242382   密集书库/ [索取号:G898.2/207] 在馆    
4 0424239   204242391   密集书库/ [索取号:G898.2/207] 在馆    
5 0424712   204247127   密集书库/ [索取号:G898.2/207] 在馆    
6 0425477   204254779   密集书库/ [索取号:G898.2/207] 在馆    
7 0442207   204422071   密集书库/ [索取号:G898.2/207] 在馆    
8 0442208   204422080   密集书库/ [索取号:G898.2/207] 在馆    
唐山师范学院图书馆 欢迎您!
大连网信软件有限公司© 版权所有